| 000 | 01279cad a22002655a 4500 | ||
|---|---|---|---|
| 001 | L153302 | ||
| 008 | 110707s2006 xxk f 000 0 eng d | ||
| 035 | _a(Sirsi) u153302 | ||
| 041 | 0 | _aeng | |
| 100 | 1 | _aAnumba, Chimay J. | |
| 245 | 0 | 0 |
_aAvoiding structural collapses in refurbishment _ba decision support system _h[electronic resource] |
| 260 |
_a[S.l.] _bHSE _c2006 |
||
| 490 | 0 |
_aHSE Research Report _v463 |
|
| 520 | _aDocuments the development of a Decision Support System to prevent structural collapses on refurbishment projects. The aim of the project, which commenced in April 2003, was to investigate the management of refurbishment projects and to identify areas where decision support can help in avoiding structural collapses. | ||
| 651 | 4 |
_aUnited Kingdom _y |
|
| 690 | _aBUILT ENVIRONMENT-CONSTRUCTION DESIGN | ||
| 690 | _aBUILT ENVIRONMENT-BUILDING ELEMENTS-PARTS OF BUILDING ELEMENTS-CARCASS, FABRIC AND STRUCTURE | ||
| 690 | _aMANAGEMENT-HEALTH AND SAFETY | ||
| 700 | 1 | _aEgbu, Charles | |
| 700 | 1 | _aKashyap, Mukesh | |
| 710 | 1 |
_aLoughborough University _93508 |
|
| 710 | 1 |
_aGreat Britain _bHealth and Safety Executive |
|
| 856 | 4 | 0 |
_uhttps://www.hse.gov.uk/research/rrpdf/rr463.pdf _z View this item free of charge at www.hse.gov.uk |
| 942 | _n0 | ||
| 999 |
_c112456 _d112456 |
||